000 00748nam a22002537a 4500
999 _c385674
_d385674
001 99459
003 UA-OsUOA
005 20200324074627.0
007 ta
008 20130429b un ||||| |||| 00| 0 ukr d
040 _aUA-OsUOA
_brus
_cUA-OsUOA
_dUA-OsUOA
041 _arus
080 _a821.161.1
090 _a821.161.1
_bТ23
100 _aТаурин Ф
245 _aДалеко в стране Иркутсткой. Сибирское повествование
260 _aИркутск
_b1964
300 _a745 с.
650 7 _a82 Література. Літературознавство
_2UDC
650 7 _a82
_2UDC
942 _cBK
_2udc
955 _a3